Catálogo

Las mil y una noches / (Registro nro. 69505)

Detalles MARC
000 -LEADER
fixed length control field 01155cam a2200325 i 4500
001 - CONTROL NUMBER
control field 69505
003 - CONTROL NUMBER IDENTIFIER
control field Mx-PuUPA
005 - DATE AND TIME OF LATEST TRANSACTION
control field 20240410104316.0
008 - FIXED-LENGTH DATA ELEMENTS--GENERAL INFORMATION
fixed length control field 220521s2017 mx |||gr|||| 00| 0 spa d
020 ## - INTERNATIONAL STANDARD BOOK NUMBER
International Standard Book Number 9786070746383
040 ## - CATALOGING SOURCE
Original cataloging agency Mx-PuUPA
Language of cataloging spa
Transcribing agency Mx-PuUPA
Modifying agency Mx-PuUPA
Description conventions rda
041 0# - LANGUAGE CODE
Language code of text/sound track or separate title spa
Language code of original ara
240 14 - UNIFORM TITLE
Uniform title Alf layla wa-layla.
Language of a work Español
245 10 - TITLE STATEMENT
Title Las mil y una noches /
Statement of responsibility, etc. traducción del árabe, Dolors Cinca Pinós, Margarita Castells Criballés
250 ## - EDITION STATEMENT
Edition statement Primera edición
264 ## - PRODUCTION, PUBLICATION, DISTRIBUTION, MANUFACTURE, AND COPYRIGHT NOTICE
Place of production, publication, distribution, manufacture Ciudad de México :
Name of producer, publisher, distributor, manufacturer Editorial Planeta Mexicana,
Date of production, publication, distribution, manufacture, or copyright notice ©2017
300 ## - PHYSICAL DESCRIPTION
Extent 643 páginas ;
Dimensions 19 cm
336 ## - CONTENT TYPE
Fuente rdacontent
Content type term texto
Content type code txt
337 ## - MEDIA TYPE
Source rdamedia
Media type term sin medio
Media type code n
338 ## - CARRIER TYPE
Source rdacarrier
Carrier type term volumen
Carrier type code nc
650 #7 - SUBJECT ADDED ENTRY--TOPICAL TERM
Source of heading or term armarc
Topical term or geographic name entry element Cuentos árabes
650 #7 - SUBJECT ADDED ENTRY--TOPICAL TERM
Source of heading or term armarc
Topical term or geographic name entry element Novela árabe
700 1# - ADDED ENTRY--PERSONAL NAME
Personal name Cinca, Dolors,
Relator term traductor
9 (RLIN) 12638
700 ## - ADDED ENTRY--PERSONAL NAME
Personal name Castells Criballés, Margarita,
Relator term traductor
765 08 - ORIGINAL LANGUAGE ENTRY
Main entry heading Cinca Pinós, Dolors,
Title Alf layla wa-layla.
942 ## - ADDED ENTRY ELEMENTS (KOHA)
Source of classification or shelving scheme Dewey Decimal Classification
Koha item type Libro
Classification part 892.73
Item part M637
Existencias
Withdrawn status Lost status Source of classification or shelving scheme Damaged status Not for loan Collection code Home library Current library Shelving location Date acquired Source of acquisition Cost, normal purchase price Total Checkouts Total Renewals Full call number Barcode Date last seen Date last checked out Cost, replacement price Price effective from Koha item type
    Dewey Decimal Classification     General Biblioteca Karol Wojtyla Biblioteca Karol Wojtyla Sala general 10/07/2024 1 248.00 5 2 892.73 M637 2017 102208 05/01/2026 24/10/2025 248.00 10/07/2024 Libro